000 00415nam a2200169Ia 4500
005 20250415151848.0
008 231217s9999 xx 000 0 und d
020 _a9788120334953
082 _a001.6424C DEI1;37
100 _aDeitel, P J. Deitel, H M.
245 0 _aC : How to program
250 _a5th ed.
260 _c2007
_bPHI
_aNew Delhi
300 _axxxii, 1130
650 _aC,program
942 _cAA
999 _c184556
_d184556